00626nam a2200193Ia 4500008004100000020000700041082001400048100001900062245004700081250000800128260003200136300002400168500001900192600002100211650005000232942000700282952012800289999001500417240925s9999 xx 000 0 und d aNA a005.8 ATK aAtkins , Derek 0aInternet Security: professional reference  a2nd aBoston:bNew Ridersc,1997. a916p.bNAfOriginal aIncludes Index aComputer Science aComputer science, information & general works cBK 011440708CSaUITUbUITUd1999-03-15eFair Book Centerg3853.00l0o005.8 ATKpQ2003r2024-09-25 07:12:38w2024-09-25yBK c4502d4502